000 00958nam a2200289 a 4500
003 BD-RjUL
005 20260521114202.0
008 260521s1948 enk 000 0 eng
035 _a(BD-RjUL)86526
040 _aDLC
_cTxU
_dDLC
_dBD-RjUL
_beng
041 1 _aeng
_afre
042 _apremarc
082 _223
_a843.912
_bSIM 1948
100 1 _aSimenon, Georges,
_d1903-1989.
_918562
245 1 0 _aMagnet of doom /
_cTr. from the French by Geoffrey Sainsbury.
260 _aLondon :
_bG. Routledge,
_c1948.
300 _av, 279 p.;
_c19 cm.
336 _atext
_btxt
_2rdacontent
337 _aunmediated
_bn
_2rdamedia
338 _avolume
_bnc
_2rdacarrier
500 _aAmerican ed. (New York, Reynal & Hitchcock) has title: The first-born.
500 _aTranslation of L'aîné des Ferchaux.
650 _aFrench fiction
_y20th century
_918563
700 _aSainsbury, Geoffrey
_918564
942 _2ddc
_cBK
999 _c86526
_d86526